Le poumon; sa constitution anatomique et sa structure, (Record no. 38282)

MARC details
000 -LEADER
fixed length control field 00621cam a22002171 4500
001 - CONTROL NUMBER
control field med47001268
003 - CONTROL NUMBER IDENTIFIER
control field DLC
005 - DATE AND TIME OF LATEST TRANSACTION
control field 20260227111602.0
008 - FIXED-LENGTH DATA ELEMENTS--GENERAL INFORMATION
fixed length control field 810815s1945 xx a 000 0 fre
010 ## - LIBRARY OF CONGRESS CONTROL NUMBER
LC control number med47001268
035 ## - SYSTEM CONTROL NUMBER
System control number (OCoLC)14744297
040 ## - CATALOGING SOURCE
Original cataloging agency DLC
Transcribing agency DNLM
Modifying agency DLC
042 ## - AUTHENTICATION CODE
Authentication code premarc
050 00 - LIBRARY OF CONGRESS CALL NUMBER
Classification number QM261
Item number .D4
060 0# - NATIONAL LIBRARY OF MEDICINE CALL NUMBER
Classification number WF 600
Item number D286p 1945
100 1# - MAIN ENTRY--PERSONAL NAME
Personal name Debeyre, Albert,
Dates associated with a name 1877-
245 13 - TITLE STATEMENT
Title Le poumon; sa constitution anatomique et sa structure,
Statement of responsibility, etc. par Albert Debeyre ... et Jean Debeyre ...
260 ## - PUBLICATION, DISTRIBUTION, ETC.
Place of publication, distribution, etc. Paris,
Name of publisher, distributor, etc. Le François,
Date of publication, distribution, etc. 1945.
300 ## - PHYSICAL DESCRIPTION
Extent 102, [1] p.
Other physical details ill.
700 1# - ADDED ENTRY--PERSONAL NAME
Personal name Debeyre, Jean.

No items available.

Powered by Koha